000 00990nam a22003017a 4500
001 5082
003 FISKH
005 20250828131119.0
008 241105b cb ||||| |||| 00| 0 eng d
020 _a9780439453998
040 _aFISKH
_beng
_cFISKH
_dFISKH
050 _aQA113.T355
082 _a513.211
100 _aTang, Greg
_d(1991-)
245 _aMath fables /
_cBy Greg Tang illustrated by HeatHer CaHoon
250 _aFirst edition in 2004
260 _aNew York :
_bScholastic,
_c2004.
300 _a37 pages :
_bcolor illustrations ;
_c26 cm
505 _aE
520 _aA series of rhymes about animals introduces counting and grouping numbers, as well as examples of such behaviors as cooperation, friendship, and appreciation.
521 8 _a220
_bLexile
521 8 _aE
_bRaz-Plus
650 _2Numbers
_aNon-fiction
_vMath
650 _2Problem solving
_aPicture book
700 _aCahoon, Heather
_dIllustrator
942 _2ddc
_cBK
_n0
999 _c5082
_d5082